000
00293nam a2200121Ia 4500
008
190216s9999||||xx |||||||||||||| ||und||
100
_a
Ramamoorthy M
245
0
_a
Electricity And Magnetism
260
_b
S Chand & Co
300
_a
514p
650
_a
Electricity & Magnetism
942
_c
BK
999
_c
32789
_d
32789